000 00783nam a22002297a 4500
999 _c8000
_d8000
001 8000
003 BD-JhCC
005 20180717104357.0
008 180217b1967 bg ||||| |||| 00| 0 ben d
035 _a(BD-JhCC)8000
040 _aBD-JhCC
_dBD-JhCC
041 _aben
082 _a754
_b MUR 1967
100 _aমুর, রুথ
245 _aজীবনরহস্য :
_bজীবন-বিজ্ঞানের গুরুত্বপূর্ণ আবিষ্কারের কাহিনী/
_c রুথ মুর, আহম্মদ রফিক (অনু.)
260 _aঢাকা :
_bসাহিতিকা
_c1967
300 _a504 P. :
_c21 CM.
650 _aBiology
700 _aরফিক, আহম্মদ
942 _2ddc
_cBK